Records du Ballon d'Or - Statistiques

Statistiques générales
  • Ce quiz a été pris 163 fois
  • Le résultat moyen est 6 sur 10
Statistiques - réponses
Indices Joueurs % Correct
Il a gagné le Ballon d'Or quatre fois de suite Lionel Messi
97%
Le joueur le plus nominé pour le trophée Cristiano Ronaldo (18)
93%
Il est celui qui a remporté le trophée le plus de fois Lionel Messi (8)
90%
Le seul gardien à l'avoir gagné Lev Yashin
75%
Le plus jeune joueur à être dans le top 10 Lamine Yamal (17 ans et 107 jours)
69%
Le seul défenseur à l'avoir gagné deux fois Franz Beckenbauer
61%
Le premier joueur non-européen à l'avoir gagné George Weah
57%
Le joueur le plus nominé sans jamais l'avoir gagné Andrés Iniesta (12)
48%
Le plus jeune joueur à l'avoir gagné Ronaldo Nazario (21 ans)
33%
Le plus vieux joueur à l'avoir gagné Stanley Matthews (41 ans)
14%
Aucun quiz correspondant
Distribution des résultats
% des personnes avec chaque résultat
Percentile par nombre de réponses
Votre historique - résultats
Vous n’avez pas pris ce quiz